| 000 | 00827nam a22002657a 4500 | ||
|---|---|---|---|
| 001 | BR7305760 | ||
| 003 | BR-BrBNA | ||
| 005 | 20240202093848.0 | ||
| 007 | ta | ||
| 008 | 230509b bl.||||| |||| 00| 0 por d | ||
| 040 |
_aBR-BrBNA _bpor _cBiblioteca Nacional de Agricultura |
||
| 041 | _a(Por) | ||
| 072 | _aA50; E10 | ||
| 090 |
_aA50 _bBR7305760 |
||
| 100 | 1 | _aGastal, Edmundo | |
| 110 | 1 |
_aDepartamento Nacional de Pesquisa Agropecuaria, Brasilia, DF (Brasil) _93338 |
|
| 245 | 1 |
_aA analise economica dos resultados da pesquisa agropecuaria [Brasil] _bEquipe de estatistica experimental e analise economica |
|
| 260 | 3 |
_aBrasilia, DF (Brasil): _c[nd]. |
|
| 300 | _a8 p. | ||
| 500 | _aPublished 1971? | ||
| 650 | _aPESQUISA AGRICOLA | ||
| 650 | _aPESQUISA PECUARIA | ||
| 650 | _aANALISE ECONOMICA | ||
| 942 |
_cBK _2AGRIS |
||
| 999 |
_c16915 _d16915 |
||